A harmony of the life of St. Paul: (Record no. 329)

000 -LEADER
fixed length control field 00676nam a2200193 a 4500
001 - CONTROL NUMBER
control field :::00013482$&:&@@
003 - CONTROL NUMBER IDENTIFIER
control field OkBaRHE
005 - DATE AND TIME OF LATEST TRANSACTION
control field 20100323203936.0
008 - FIXED-LENGTH DATA ELEMENTS--GENERAL INFORMATION
fixed length control field s1986 j 000 0 eng u
040 ## - CATALOGING SOURCE
Transcribing agency
100 1# - MAIN ENTRY--PERSONAL NAME
Personal name Goodwin, Frank J.
245 12 - TITLE STATEMENT
Title A harmony of the life of St. Paul:
Remainder of title according to the Acts of the Apostles and the Pauline epistles.
260 ## - PUBLICATION, DISTRIBUTION, ETC. (IMPRINT)
Place of publication, distribution, etc Grand Rapids, MI., :
Name of publisher, distributor, etc Baker Book House
Date of publication, distribution, etc 1986
300 ## - PHYSICAL DESCRIPTION
Extent 240 p. ;
Dimensions 23 cm.
650 ## - SUBJECT ADDED ENTRY--TOPICAL TERM
Topical term or geographic name as entry element Bible New Testament
General subdivision Apostle Paul
650 ## - SUBJECT ADDED ENTRY--TOPICAL TERM
Topical term or geographic name as entry element Bible New Testament
General subdivision Harmonies
942 ## - ADDED ENTRY ELEMENTS (KOHA)
Source of classification or shelving scheme
Koha item type Books
Copies
Date acquired Not for loan Collection code Lost status Damaged status Barcode Permanent Location Date last seen Shelving location Copy number Koha item type Full call number Source of classification or shelving scheme Price effective from Withdrawn status
2010-04-14 Reference  13482RHEMA Bible Training College2018-03-16General Stacks1BooksBS 2506 .G65 2010-04-14